L'expérience contemporaine des changes flottants : (Registro nro. 8199)
[ vista simple ]
| 000 -LEADER | |
|---|---|
| fixed length control field | 02343nam a2200277Ia 4500 |
| 003 - CONTROL NUMBER IDENTIFIER | |
| control field | OSt |
| 005 - DATE AND TIME OF LATEST TRANSACTION | |
| control field | 20210729115323.0 |
| 008 - FIXED-LENGTH DATA ELEMENTS--GENERAL INFORMATION | |
| fixed length control field | 210310s1980 fr ad gr 000 0 fre d |
| 020 ## - INTERNATIONAL STANDARD BOOK NUMBER | |
| International Standard Book Number | 2130369936 |
| 040 ## - CATALOGING SOURCE | |
| Original cataloging agency | CO-JMCR |
| Transcribing agency | CO-JMCR |
| 041 0# - LANGUAGE CODE | |
| Language code of text/sound track or separate title | fre |
| 082 04 - DEWEY DECIMAL CLASSIFICATION NUMBER | |
| Classification number | 332.45 / |
| Item number | R771l |
| Edition number | 23 |
| 100 1# - MAIN ENTRY--PERSONAL NAME | |
| Personal name | Rondenet, Michel, |
| 9 (RLIN) | 16603 |
| Relator term | autor |
| 245 10 - TITLE STATEMENT | |
| Title | L'expérience contemporaine des changes flottants : |
| Remainder of title | controverses théoriques et vérifications statistiques / |
| Statement of responsibility, etc. | Michel Rondenet |
| 250 ## - EDITION STATEMENT | |
| Edition statement | 1° edición |
| 260 ## - PUBLICATION, DISTRIBUTION, ETC. | |
| Place of publication, distribution, etc. | Francia : |
| Name of publisher, distributor, etc. | Prensa Universitaria de Francia, |
| Date of publication, distribution, etc. | 1980 |
| 300 ## - PHYSICAL DESCRIPTION | |
| Extent | 175 páginas : |
| Other physical details | ilustraciones y gráficas a blanco y negro ; |
| Dimensions | 24 cm. |
| 490 0# - SERIES STATEMENT | |
| Series statement | Sciences Économiques ; |
| Volume/sequential designation | N°7 |
| 500 ## - GENERAL NOTE | |
| General note | Incluye notas a pie de página.<br/>"Travaux et rcherches de L´université de droit, D´economie et de sciences sociales de Paris"--Portada |
| 505 0# - FORMATTED CONTENTS NOTE | |
| Formatted contents note | Prix, change et desequilibre -- Monnaie, prix et change |
| 520 3# - SUMMARY, ETC. | |
| Summary, etc. | Nés de la crise qui affecte le Système Monétaire International, les taux de change flottants n'ont pas joué le rôle qu'en attendaient leurs défenseurs. Les fluctuations de change, à la fois amples, fréquentes et brutales, ont été sans rapport avec les évolutions des diverses économies. Est-ce que le marché des changes doit être considéré comme un nouveau casino? dire Ce serait sans doute aller un peu vite en besogne: les agents se comportent d'une manière rationnelle relativement à l'information dont ils disposent, mais celle-ci, bien qu'elle ne soit pas négligeable, est cependant imparfaite. Pour que ce marché ait une évolution harmonieuse, il lui manque, en fait, une pièce maîtresse: le commissaire-priseur walrasien. <br/>D'un autre côté, existe-t-il une liaison entre les variations de la quantité<br/>de monnaie en circulation et les fluctuations de change? Si, pour certaines<br/>périodes, on observe bien des corrélations entre les évolutions de certains<br/>agrégats monétaires et celles des cours des devises, il semblerait toutefois que<br/>les mécanismes sous-jacents, dans lesquels la spéculation jouerait un rôle non<br/>négligeable, soient plus complexes que ceux qui sont, le plus souvent, mis<br/>en avant. |
| 650 14 - SUBJECT ADDED ENTRY--TOPICAL TERM | |
| Topical term or geographic name entry element | Tipos de cambio |
| 9 (RLIN) | 16605 |
| Geographic subdivision | Francia |
| 650 24 - SUBJECT ADDED ENTRY--TOPICAL TERM | |
| Topical term or geographic name entry element | Dinero |
| Geographic subdivision | Francia |
| 9 (RLIN) | 38877 |
| 650 24 - SUBJECT ADDED ENTRY--TOPICAL TERM | |
| Topical term or geographic name entry element | Pregunta de moneda |
| Geographic subdivision | Francia |
| 9 (RLIN) | 38878 |
| 942 ## - ADDED ENTRY ELEMENTS (KOHA) | |
| Source of classification or shelving scheme | Dewey Decimal Classification |
| Koha item type | Books |
| Withdrawn status | Lost status | Source of classification or shelving scheme | Damaged status | Not for loan | Collection code | Home library | Current library | Date acquired | Source of acquisition | Full call number | Barcode | Date last seen | Copy number | Koha item type |
|---|---|---|---|---|---|---|---|---|---|---|---|---|---|---|
| Dewey Decimal Classification | Non-fiction | Biblioteca Pública José María del Castillo y Rada | Biblioteca Pública José María del Castillo y Rada | 04/15/2018 | Donación | 332.45 / R771l | 430002574 | 05/16/2024 | Ej.1 | Books |